[Event "Hamburg-ch Seniors op 16th"]
[Site "Hamburg"]
[Date "2009.11.01"]
[Round "2"]
[White "Muhs, Hans Helmut"]
[Black "Hermann, Armin"]
[Result "1-0"]
[WhiteElo "1348"]
[BlackElo "1556"]
[PlyCount "93"]
[EventDate "2009.10.31"]
[EventType "swiss"]
[EventRounds "9"]
[EventCountry "GER"]
[SourceTitle "EXT 2022"]
[Source "ChessBase"]
[SourceDate "2021.10.06"]
[SourceVersion "1"]
[SourceVersionDate "2021.10.06"]
[SourceQuality "1"]

1. d4 d5 2. Nf3 Nf6 3. e3 e6 4. a3 Nbd7 5. b4 Bd6 6. Nbd2 b6 7. Nb3 0-0 8. c4 dxc4 9. Bxc4 Bb7 10. 0-0 Rc8 11. Bb2 Bd5 12. Bxd5 exd5 13. Rc1 Re8 14. Rc2 Ne4 15. Qa1 Re6 16. Ne5 Nb8 17. b5 Rh6 18. g3 Qg5 19. f4 Qh5 20. Qd1 Qxd1 21. Rxd1 Bxe5 22. dxe5 c6 23. bxc6 Rhxc6 24. Rxc6 Rxc6 25. Rxd5 Rc8 26. Nd4 Nc5 27. Nf5 Kf8 28. Kg2 Ne6 29. Rd2 g6 30. Nd6 Rd8 31. a4 Kg7 32. Kf3 Nc6 33. Ne4 Rxd2 34. Nxd2 Nc5 35. e6+ f6 36. Ne4 Nxe4 37. Kxe4 Ne7 38. g4 Ng8 39. Kd5 Kf8 40. Ba3+ Ke8 41. Kc6 Ne7+ 42. Bxe7 Kxe7 43. f5 gxf5 44. gxf5 Kd8 45. Kb7 b5 46. axb5 a6 47. bxa6 1-0

[Event "Pinneberg op Seniors 08th"]
[Site "Pinneberg"]
[Date "2007.07.05"]
[Round "3"]
[White "Muhs, Hans Helmut"]
[Black "Keuneke, Hanno"]
[Result "1-0"]
[WhiteElo "1393"]
[BlackElo "1685"]
[PlyCount "77"]
[EventDate "2007.06.21"]
[EventType "swiss"]
[EventRounds "5"]
[EventCountry "GER"]
[SourceTitle "EXT 2011"]
[Source "ChessBase"]
[SourceDate "2010.11.26"]
[SourceVersion "1"]
[SourceVersionDate "2010.11.26"]
[SourceQuality "1"]

1. d4 Nf6 2. Nf3 g6 3. g3 Bg7 4. Bg2 0-0 5. 0-0 d6 6. c4 Nbd7 7. Nc3 e5 8. Bg5 h6 9. dxe5 hxg5 10. exf6 Bxf6 11. Qc2 g4 12. Nd2 c6 13. Nde4 Be7 14. Rad1 Ne5 15. b3 f5 16. Nd2 Kg7 17. f3 Rh8 18. e4 Rh7 19. f4 Nf7 20. Ne2 Qh8 21. b4 Rxh2 22. Nd4 Bf6 23. N2b3 c5 24. bxc5 Bd7 25. exf5 dxc5 26. Ne6+ Bxe6 27. fxe6 Nd8 28. Rd7+ Kf8 29. Qxg6 Rh6 30. Rf7+ Ke8 31. Qe4 Nxf7 32. exf7+ Kxf7 33. Qxb7+ Be7 34. Qxa8 Qc3 35. Qd5+ Kf8 36. Qe5 Qxc4 37. Bd5 Qd3 38. Qb8+ Kg7 39. Qg8+ 1-0

[Event "Hamburg-ch Seniors op 13th"]
[Site "Hamburg"]
[Date "2006.10.31"]
[Round "5"]
[White "Muhs, Hans Helmut"]
[Black "Cassens, Erhard Otto"]
[Result "0-1"]
[WhiteElo "1414"]
[BlackElo "1741"]
[PlyCount "114"]
[EventDate "2006.10.27"]
[EventType "swiss"]
[EventRounds "9"]
[EventCountry "GER"]
[SourceTitle "EXT 2022"]
[Source "ChessBase"]
[SourceDate "2021.10.06"]
[SourceVersion "1"]
[SourceVersionDate "2021.10.06"]
[SourceQuality "1"]

1. d4 f5 2. Nf3 Nf6 3. Bf4 g6 4. c4 Bg7 5. Nbd2 0-0 6. e3 c6 7. Be2 d6 8. Qb3 h6 9. c5+ Kh7 10. h3 d5 11. Ne5 Nbd7 12. Ndf3 Ne4 13. Nxd7 Qxd7 14. Ne5 Qe6 15. f3 Nf6 16. Qc2 Nh5 17. Bh2 f4 18. Qc3 Bxe5 19. dxe5 Rf5 20. exf4 Nxf4 21. Bxf4 Rxf4 22. 0-0-0 Rf5 23. Bd3 Rxe5 24. Rhe1 Rxe1 25. Rxe1 Qf7 26. Qe5 e6 27. h4 Kg8 28. f4 Bd7 29. Re3 Rf8 30. g3 Qf6 31. Qxf6 Rxf6 32. b4 Kg7 33. a4 Rf8 34. Kc2 Kf6 35. Kc3 Re8 36. Re5 Rg8 37. Kd4 g5 38. fxg5+ hxg5 39. h5 g4 40. Re1 Rg5 41. Rf1+ Kg7 42. Bg6 e5+ 43. Ke3 Be6 44. Kd2 d4 45. Rh1 Bd5 46. Rh2 Bf3 47. h6+ Kh8 48. Be8 e4 49. Bf7 e3+ 50. Kd3 e2 51. Rxe2 Bxe2+ 52. Kxe2 Re5+ 53. Kd3 Re3+ 54. Kxd4 Rxg3 55. Ke4 Rg1 56. b5 Re1+ 57. Kd4 g3 0-1